1228 1986 1206 1642 1669 1561 1863 1459 1339 1535 1317 1305 1983 1046 1093 1744 1408 1470 1287 1925 1428 1672 1085 1062 1350 1543 1463 1035 1931 1667 1684 1346 1139 1706 1929 1382 1116 1649 1184 1626 1308 1201 1017 1216 1319 1973 1293 1094 1135 1860 1432 1422 1296 1750 1781 1015 1545 1860 1453 1510 1960 1776 1802 1686 1671 1002 1789 1651 1494 1566 1778 1362 1799 1885 1298 1024 1878 1510 1670 1617 1742 1443 1042 1616 1496 1811 1764 1596 1395 1815 1876 1950 1638 1432 1655 1649 1668 1928 1186 BCNSPRNW ULIB Ver.6.0+V

เปลี่ยนเป็นภาษาไทย

Change to English
 แสดงรายละเอียดบรรณานุกรม
  กลับหน้าหลัก

Brief Record : Get Marc (ISO 2709) : E-mail record : QR code < ปิดหน้าต่าง
LEADER : 00000nam 2200000uu 4500
001    13399122488
003     ULIB
008    080304s2550 th d f000 0 tha d
099 00 ^aวพ.WY157.3^bพ279ก
100 0  ^aพรวิไล คล้ายจันทร์
245 10 ^aการมีส่วนร่วมของบิดาในการดูแลมารดาและบุตรระยะหลังคลอด = Fathers participation in caring for mothers and babies during postpartum period /^cพรวิไล คล้ายจันทร์
246 31 ^aFathers participation in caring for mothers and babies during postpartum period
260    ^aเชียงใหม่ :^bบัณฑิตวิทยาลัย มหาวิทยาลัยเชียงใหม่,^c2550
300    ^aฎ, 93 แผ่น :^bตาราง
502    ^aวิทยานิพนธ์ (พยาบาลศาสตรมหาบัณฑิต (สาขาวิชาการพยาบาลสตรี)) -- มหาวิทยาลัยเชียงใหม่
504    ^aบรรณานุกรม: แผ่น 62]-68
650  2 ^aDissertations, Academic^xNursing
710 2  ^aมหาวิทยาลัยเชียงใหม่.^bบัณฑิตวิทยาลัย
710 2  ^aมหาวิทยาลัยเชียงใหม่.^bสาขาวิชาการพยาบาลสตรี
945    ^p0^l0^i023377
999    ^aกมลทิพย์ ธนสารสุธี
รายการนี้ยังไม่มีแท็ก
คุณยังไม่ได้ล็อกอิน คุณสามารถมีกิจกรรมร่วมกับเว็บไซต์ได้ แต่ต้องล็อกอินก่อน ::
  ล็อกอิน

รายการสื่อสารสนเทศ

ลำดับที่ ประเภท เลขเรียก/บาร์โค้ด สถานที่ สถานะ
1. วิทยานิพนธ์
วิทยานิพนธ์
วพ.WY157.3 พ279ก  
  Barcode: 023377
ห้องสมุดวิทยาเขตสวรรค์ประชารักษ์
► วิทยานิพนธ์
บนชั้น

รายการใกล้เคียง
    ผู้แต่ง [พรวิไล คล้ายจันทร์]

BibComment


ยังไม่เคยถูกคอมเมนท์

คอมเมนท์ทรัพยากรรายการนี้
  คอมเมนท์: การมีส่วนร่วมของ..


 Copyright 2026. Bcnsprnw @Library